[Event "AUTO-OPEN-2492"]
[Site "http://www.queenalice.com/game.php?id=990306"]
[Date "2011.9.26"]
[Round "1"]
[White "strangy"]
[Black "Tune"]
[Result "1-0"]
[WhiteElo "1955"]
[BlackElo "1591"]

1. e4 e5 2. Nf3 Nc6 3. d4 f6 4. d5 Nb8 5. Be3 d6 6. Nc3 c6 7. Be2 g6 8. Qd2 Bg4
9. h3 Bxf3 10. Bxf3 Ne7 11. dxc6 bxc6 12. O-O h5 13. Be2 g5 14. Qd1 Qd7 15.
Bxh5+ Kd8 16. Qf3 Qe6 17. Bg4 Qf7 18. Rad1 Ng6 19. Bxg5 Nf4 20. Bxf4 exf4 21.
Qxf4 Na6 22. Rxd6+ Bxd6 23. Qxd6+ Qd7 24. Qxd7# 1-0

[Event "AUTO-OPEN-2492"]
[Site "http://www.queenalice.com/game.php?id=990329"]
[Date "2011.9.26"]
[Round "1"]
[White "strangy"]
[Black "neza"]
[Result "1-0"]
[WhiteElo "1920"]
[BlackElo "1500"]

1. e4 e5 2. Nf3 Bd6 3. d4 f6 4. dxe5 fxe5 5. Nc3 a6 6. Bc4 h6 7. Nxe5 Bxe5 8.
Qh5+ Ke7 9. Qxe5+ Kf8 10. Qf4+ Nf6 11. e5 Qe8 12. O-O Qe7 13. exf6 gxf6 14. Qg3
Nc6 15. Bxh6+ Ke8 16. Qg6+ Kd8 17. Rfe1 Ne5 18. Qg7 Qxg7 19. Bxg7 Rg8 20. Bxf6+
Ke8 21. Rxe5+ Kf8 22. Be7+ Kg7 23. Rg5+ 1-0

[Event "AUTO-OPEN-2492"]
[Site "http://www.queenalice.com/game.php?id=990330"]
[Date "2011.9.26"]
[Round "1"]
[White "neza"]
[Black "strangy"]
[Result "0-1"]
[WhiteElo "1500"]
[BlackElo "1918"]

1. e4 d6 2. h3 Nf6 3. Nc3 g6 4. d3 Bg7 5. d4 O-O 6. g4 c5 7. g5 Nh5 8. d5 Qa5 9.
Bd2 Qb4 10. Rb1 Bxc3 11. Bxc3 Qxe4+ 12. Qe2 Qxh1 13. Nf3 Bxh3 14. Kd2 Bg4 15.
Qxe7 Qxf3 16. Be2 Qxd5+ 17. Ke1 Nc6 18. Qe3 Rae8 19. Rd1 Qg2 20. Qd3 Rxe2+ 21.
Qxe2 Bxe2 22. Kxe2 Re8+ 23. Kd2 Qxg5+ 24. Kd3 Qd5+ 0-1

[Event "AUTO-OPEN-2492"]
[Site "http://www.queenalice.com/game.php?id=990331"]
[Date "2011.9.26"]
[Round "1"]
[White "strangy"]
[Black "gacer"]
[Result "1-0"]
[WhiteElo "1953"]
[BlackElo "1100"]

1. d4 d5 2. Nf3 h6 3. Bf4 Bf5 4. e3 a6 5. c3 Nd7 6. Qb3 Nb6 7. a4 Rb8 8. a5 Nc4
9. Bxc4 dxc4 10. Qxc4 Be6 11. Qxc7 Qxc7 12. Bxc7 Rc8 13. Bb6 Bd5 14. Nbd2 g5 15.
e4 Be6 16. d5 Bg4 17. Ne5 Bg7 18. Nxg4 h5 19. Ne3 Bh6 20. Nf5 Nf6 21. Bd4 Rh7
22. Bxf6 exf6 23. Nd6+ Kd8 24. Nxc8 Kxc8 25. Nc4 g4 26. Nd6+ Kc7 27. Nf5 Bg5 28.
Ra4 b5 29. axb6+ Kxb6 30. Ke2 h4 31. Rha1 Kc5 32. Kd3 Rh8 33. Rxa6 Rb8 34. R1a5+
1-0

[Event "AUTO-OPEN-2492"]
[Site "http://www.queenalice.com/game.php?id=990332"]
[Date "2011.9.26"]
[Round "1"]
[White "gacer"]
[Black "strangy"]
[Result "0-1"]
[WhiteElo "1100"]
[BlackElo "1883"]

1. e4 c5 2. Bc4 e6 3. e5 a6 4. Bd3 d5 5. b3 Qg5 6. Nf3 Qxg2 7. Ke2 Nc6 8. Nh4
Nd4+ 9. Ke3 Qh3+ 10. Nf3 g6 11. c3 Bh6# 0-1

[Event "AUTO-ADV-2293"]
[Site "http://www.queenalice.com/game.php?id=990367"]
[Date "2011.9.26"]
[Round "1"]
[White "LORD_SAMAEL"]
[Black "strangy"]
[Result "0-1"]
[WhiteElo "1912"]
[BlackElo "1961"]

1. e4 c5 2. Nf3 d6 3. Nc3 Nf6 4. Bc4 Nc6 5. d3 g6 6. Bg5 Bg7 7. Qe2 Bg4 8. h3
Nd4 9. Qd1 Bxf3 10. gxf3 h6 11. Bxf6 Bxf6 12. Nb5 Qa5+ 13. Nc3 b5 14. Bd5 Rb8
15. O-O b4 16. Ne2 Nxf3+ 17. Kg2 Nh4+ 18. Kg3 e6 19. Bc6+ Ke7 20. b3 Qc7 21. Ba4
d5+ 22. f4 g5 23. Qd2 gxf4+ 24. Nxf4 Rhg8+ 25. Kf2 Bc3 26. exd5 Bxd2 27. Ke2
Bxf4 28. Kd1 Qe5 29. Rb1 Qe3 0-1

[Event "AUTO-ADV-2293"]
[Site "http://www.queenalice.com/game.php?id=990368"]
[Date "2011.9.26"]
[Round "1"]
[White "strangy"]
[Black "LORD_SAMAEL"]
[Result "1-0"]
[WhiteElo "1925"]
[BlackElo "1859"]

1. d4 d5 2. c4 e6 3. Nc3 Bb4 4. Nf3 dxc4 5. e4 Nf6 6. Bg5 h6 7. Bxf6 Qxf6 8.
Bxc4 O-O 9. O-O Nc6 10. e5 Qf4 11. Bd3 Nxd4 12. Nxd4 Qxd4 13. Bh7+ Kxh7 14. Qxd4
Bxc3 15. Qxc3 c6 16. Rad1 a6 17. Qc5 Re8 18. Rd3 a5 19. Rfd1 1-0

[Event "AUTO-ADV-2293"]
[Site "http://www.queenalice.com/game.php?id=990386"]
[Date "2011.9.26"]
[Round "1"]
[White "massimo"]
[Black "strangy"]
[Result "0-1"]
[WhiteElo "1772"]
[BlackElo "1848"]

1. e4 d6 2. d4 Nf6 3. Nc3 g6 4. Nf3 Bg7 5. Bc4 O-O 6. O-O Nxe4 7. Nxe4 d5 8. Bd3
dxe4 9. Bxe4 Nd7 10. c3 c5 11. d5 Nf6 12. Re1 Nxe4 13. Rxe4 Bf5 14. Re2 c4 15.
Bg5 Bd3 16. Rxe7 h6 17. Bh4 g5 18. Qe1 gxh4 19. Re3 h3 20. gxh3 Qxd5 21. Ne5
Bxe5 22. Rxe5 Qc6 23. Qe3 Kh7 24. f3 Rae8 25. Rxe8 Rxe8 26. Qf4 Qg6+ 27. Kh1 Rg8
28. Qe3 Qg2# 0-1

[Event "AUTO-ADV-2293"]
[Site "http://www.queenalice.com/game.php?id=990387"]
[Date "2011.9.26"]
[Round "1"]
[White "strangy"]
[Black "UKopra"]
[Result "1-0"]
[WhiteElo "1825"]
[BlackElo "1736"]

1. Nf3 c5 2. c4 Nf6 3. g3 b6 4. Bg2 Bb7 5. O-O e6 6. Nc3 Be7 7. d4 cxd4 8. Qxd4
d6 9. Bg5 a6 10. Bxf6 Bxf6 11. Qf4 O-O 12. Rad1 Be7 13. Ne4 Bxe4 14. Qxe4 Ra7
15. Nd4 Qc8 16. b3 Qc5 17. Rd2 b5 18. cxb5 axb5 19. Rc2 Qb6 20. Qe3 Nd7 21. Nc6
Qxe3 22. fxe3 Rc7 23. Nxe7+ 1-0

[Event "AUTO-ADV-2293"]
[Site "http://www.queenalice.com/game.php?id=990388"]
[Date "2011.9.26"]
[Round "1"]
[White "UKopra"]
[Black "strangy"]
[Result "0-1"]
[WhiteElo "1724"]
[BlackElo "1837"]

1. d4 Nf6 2. c4 g6 3. Nc3 d5 4. Nf3 Bg7 5. e3 O-O 6. Qb3 e6 7. Bd3 c5 8. O-O
dxc4 9. Qxc4 cxd4 10. exd4 a6 11. a4 Nc6 12. Be3 Nd5 13. Rfd1 Nxe3 14. fxe3 f5
15. Ne2 Bh6 16. Nf4 Qd6 17. g3 g5 18. Ng2 b6 19. e4 Na5 20. Qc2 Bb7 21. e5 Qd5
22. Nfe1 Qxd4+ 23. Kh1 Qxe5 24. b4 Rac8 25. Qf2 Nc4 26. Kg1 Nb2 27. Ra2 Nxd1 0-1

[Event "Challenge"]
[Site "http://www.queenalice.com/game.php?id=991957"]
[Date "2011.10.1"]
[Round "-"]
[White "albemo"]
[Black "strangy"]
[Result "0-1"]
[WhiteElo "1888"]
[BlackElo "1861"]

1. Nf3 Nf6 2. c4 e6 3. d4 b6 4. g3 Ba6 5. e3 d5 6. Nbd2 Bd6 7. Be2 O-O 8. O-O c5
9. dxc5 bxc5 10. b3 Nc6 11. Bb2 Rc8 12. Rc1 Qe7 13. Re1 Rfe8 14. cxd5 Bxe2 15.
Rxe2 exd5 16. a3 Ne5 17. Bxe5 Bxe5 18. Nxe5 Qxe5 19. Nf3 Qf5 20. Rec2 Ne4 21.
Nh4 Qe6 22. Nf3 Rcd8 23. Qd3 Qf6 24. Qd1 h6 25. Nh4 d4 26. exd4 Rxd4 27. Qf3
Qxf3 28. Nxf3 Rd3 29. Kg2 Rxb3 30. Nd2 Nxd2 31. Rxd2 Rc8 32. Rdc2 Rxa3 33. Rxc5
Rxc5 34. Rxc5 a5 35. h4 a4 36. Ra5 Kf8 37. Ra7 h5 38. Kf1 Ra2 39. Kg2 g6 40. Kf3
Kg7 41. Ke3 Kf6 42. Ra5 a3 43. f4 Ra1 44. Ke2 a2 45. Ra6+ Kg7 0-1

[Event "Challenge"]
[Site "http://www.queenalice.com/game.php?id=993218"]
[Date "2011.10.4"]
[Round "-"]
[White "ORNELAS"]
[Black "strangy"]
[Result "0-1"]
[WhiteElo "1596"]
[BlackElo "1878"]

1. e4 c5 2. e5 Nc6 3. Nf3 Qc7 4. d4 cxd4 5. a3 a6 6. Bf4 Nf6 7. Qc1 Nh5 8. Bg5
h6 9. Bh4 g5 10. Bxg5 hxg5 11. Qxg5 Bh6 12. Qf5 d6 13. Qd3 Nf4 14. Qe4 d5 15. e6
dxe4 16. exf7+ Kxf7 17. Bc4+ Be6 18. Bxe6+ Kxe6 19. O-O exf3 20. g3 Ne2+ 21. Kh1
Bg5 22. h4 Bxh4 23. gxh4 Rxh4# 0-1

[Event "Let's Play Chess!"]
[Site "http://www.queenalice.com/game.php?id=993991"]
[Date "2011.10.6"]
[Round "-"]
[White "strangy"]
[Black "FeralChild"]
[Result "1-0"]
[WhiteElo "1938"]
[BlackElo "1913"]

1. c4 e5 2. Nc3 c6 3. Nf3 Bd6 4. d4 exd4 5. Qxd4 Qf6 6. Ne4 Qxd4 7. Nxd4 Bc7 8.
Nf5 d5 9. Ned6+ Kf8 10. Nxc8 Nf6 11. Ncd6 Nbd7 12. b3 g6 13. Bh6+ Kg8 14. Ne7#
1-0

[Event "Challenge"]
[Site "http://www.queenalice.com/game.php?id=995430"]
[Date "2011.10.9"]
[Round "-"]
[White "strangy"]
[Black "albemo"]
[Result "1-0"]
[WhiteElo "1901"]
[BlackElo "1924"]

1. c4 c5 2. Nc3 Nc6 3. Nf3 Nf6 4. d4 cxd4 5. Nxd4 e6 6. a3 Be7 7. e4 O-O 8. Nf3
a6 9. Bf4 Nh5 10. Bd6 Bxd6 11. Qxd6 Qe7 12. Rd1 Qxd6 13. Rxd6 Nf6 14. c5 Rd8 15.
Be2 Ne8 16. Rd2 Ne7 17. O-O d5 18. cxd6 Rxd6 19. Rxd6 Nxd6 20. Rd1 Ne8 21. Rd8
Kf8 22. Ne5 Ng6 23. Nxg6+ hxg6 24. Nb5 Ke7 25. Rxe8+ Kd7 26. e5 axb5 27. Bxb5+
Kc7 28. a4 1-0

[Event "Challenge"]
[Site "http://www.queenalice.com/game.php?id=995578"]
[Date "2011.10.10"]
[Round "-"]
[White "koutouzov"]
[Black "strangy"]
[Result "0-1"]
[WhiteElo "1876"]
[BlackElo "1885"]

1. d4 Nf6 2. Nc3 d5 3. f3 c5 4. e4 cxd4 5. Qxd4 Nc6 6. Qa4 d4 7. Nb5 e5 8. Bg5
a6 9. Na3 Bb4+ 10. Bd2 Bxd2+ 11. Kxd2 Be6 12. c3 dxc3+ 13. Kxc3 b5 14. Qd1 Qa5+
15. Kc2 Rd8 16. Qe1 Nd4+ 0-1

[Event "Challenge"]
[Site "http://www.queenalice.com/game.php?id=996024"]
[Date "2011.10.11"]
[Round "-"]
[White "ORNELAS"]
[Black "strangy"]
[Result "0-1"]
[WhiteElo "1603"]
[BlackElo "1922"]

1. e4 c6 2. e5 d6 3. Nf3 dxe5 4. Nxe5 Nd7 5. Nxf7 Kxf7 6. Qf3+ Ngf6 7. Bc4+ e6
8. d4 Nb6 9. Be2 Qxd4 10. O-O Bd6 11. c3 Qe5 12. Nd2 Qxh2# 0-1

[Event "AUTO-MASTER-1728"]
[Site "http://www.queenalice.com/game.php?id=1100550"]
[Date "2012.9.7"]
[Round "1"]
[White "Clauceri"]
[Black "strangy"]
[Result "1-0"]
[WhiteElo "2028"]
[BlackElo "2026"]

1. c4 b6 2. d4 Bb7 3. Nc3 e6 4. e4 Bb4 5. Bd2 Bxc3 6. Bxc3 Bxe4 7. Qg4 Bg6 8.
Nf3 Nf6 9. Qf4 O-O 10. Ne5 d6 11. Nxg6 fxg6 12. Qf3 Nbd7 13. Qe3 e5 14. dxe5
Nxe5 15. Be2 Kh8 16. O-O Nfg4 17. Qd4 Nf6 18. f4 Nc6 19. Qd2 Ne4 20. Qc2 Nxc3
21. Qxc3 Qf6 22. Qxf6 gxf6 23. Bf3 1-0

[Event "AUTO-MASTER-1728"]
[Site "http://www.queenalice.com/game.php?id=1100551"]
[Date "2012.9.7"]
[Round "1"]
[White "strangy"]
[Black "Clauceri"]
[Result "0-1"]
[WhiteElo "2010"]
[BlackElo "2038"]

1. f4 d5 2. Nf3 Nf6 3. e3 c5 4. Be2 Nc6 5. O-O e6 6. b3 Be7 7. Bb2 O-O 8. Ne5
Qc7 9. Bf3 Nd7 10. Nxc6 Qxc6 11. c4 f5 12. d3 Bf6 13. Nc3 Nb6 14. Qc2 Re8 15. e4
Bd4+ 16. Kh1 dxe4 17. dxe4 Qd7 18. exf5 exf5 19. Nd5 Nxd5 20. Bxd5+ Kh8 21. Bxd4
cxd4 22. Rae1 Rb8 23. Qd3 b5 24. Rxe8+ Qxe8 25. Qxd4 bxc4 26. Bxc4 Rb7 27. Qd5
Re7 28. h3 Be6 29. Qb5 Bxc4 30. Qxe8+ Rxe8 31. bxc4 Kg8 32. Rd1 Re4 33. Rd8+ Kf7
34. Rd7+ Re7 0-1

[Event "AUTO-MASTER-1728"]
[Site "http://www.queenalice.com/game.php?id=1100566"]
[Date "2012.9.7"]
[Round "1"]
[White "MestreAylton"]
[Black "strangy"]
[Result "0-1"]
[WhiteElo "1788"]
[BlackElo "2013"]

1. f4 d5 2. Nf3 g6 3. d3 Nf6 4. e3 Bg7 5. Nc3 c5 6. Bd2 O-O 7. Be2 Nc6 8. O-O d4
9. exd4 Nxd4 10. Nxd4 Qxd4+ 11. Kh1 a6 12. h3 Bd7 13. Qc1 Bc6 14. Be3 Qd6 15. a3
b5 16. Rb1 Nd5 17. Nxd5 Bxd5 18. c4 bxc4 19. dxc4 Be4 0-1

[Event "AUTO-MASTER-1728"]
[Site "http://www.queenalice.com/game.php?id=1100567"]
[Date "2012.9.7"]
[Round "1"]
[White "strangy"]
[Black "MestreAylton"]
[Result "1-0"]
[WhiteElo "2020"]
[BlackElo "1781"]

1. f4 d5 2. Nf3 Nf6 3. g3 c5 4. Bg2 Nc6 5. O-O e6 6. d3 Be7 7. c3 O-O 8. Qe1 a6
9. e4 dxe4 10. dxe4 h6 11. h3 Qc7 12. Nbd2 b5 13. a4 Bb7 14. c4 b4 15. e5 Nd7
16. Ne4 a5 17. Be3 Rfc8 18. Qd2 1-0

[Event "AUTO-MASTER-1728"]
[Site "http://www.queenalice.com/game.php?id=1100576"]
[Date "2012.9.7"]
[Round "1"]
[White "thw"]
[Black "strangy"]
[Result "0-1"]
[WhiteElo "1927"]
[BlackElo "2000"]

1. e4 c6 2. d4 d5 3. Nc3 dxe4 4. Nxe4 Bf5 5. Ng3 Bg6 6. h4 h6 7. Nf3 Nd7 8. Bd3
Bxd3 9. Qxd3 e6 10. Bd2 Ngf6 11. O-O-O Be7 12. Ne4 Nxe4 13. Qxe4 Nf6 14. Qe2 Qd5
15. Kb1 b5 16. Rhe1 O-O 17. Qe5 Ng4 18. Qxd5 cxd5 19. Re2 Rfc8 20. g3 a5 21. Ne5
Nxe5 22. dxe5 Rc4 23. f4 b4 24. Re3 Rac8 25. c3 Bc5 26. Rd3 Re4 27. cxb4 Bxb4
28. a3 Bxd2 29. R1xd2 Re1+ 30. Ka2 Rc4 31. Rb3 g6 32. Rbd3 Rg1 33. Re2 Kf8 34.
Rb3 Rcc1 35. Rd3 a4 36. b4 Ra1+ 37. Kb2 Rgb1+ 38. Kc3 Rxa3+ 0-1